Construction process planning and management : an owner's guide to successful projects /

By their very nature, construction projects can create seemingly endless opportunities for conflict. Written by a best selling author with over 40 years of experiences in the construction and general contracting business, Construction Process Planning and Management provides you with the necessary t...

Full description

Bibliographic Details
Main Author: Levy, Sidney M.
Corporate Author: ScienceDirect (Online service)
Format: eBook
Language:English
Published: Amsterdam ; Boston : Butterworth-Heinemann, ©2010.
Subjects:
Online Access:Connect to the full text of this electronic book

MARC

Tag First Indicator Second Indicator Subfields
LEADER 00000cam a2200000 a 4500
001 in00005742321
005 20260326174329.0
006 m o d
007 cr cn|||||||||
008 100429s2010 ne a o 001 0 eng d
010 |a  2009281660 
040 |a OPELS  |b eng  |e pn  |c OPELS  |d OCLCQ  |d OCLCF  |d KNOVL  |d EBLCP  |d IDEBK  |d CEF  |d N$T  |d YDXCP  |d COO  |d UBY  |d DKU  |d OCLCO  |d FUG  |d DEBSZ  |d OCLCO  |d E7B  |d CNNAI  |d NNO  |d OCLCQ  |d OCLCO  |d OCLCQ  |d ICA  |d ZCU  |d MERUC  |d OCLCQ  |d U3W  |d D6H  |d VTS  |d RRP  |d ICG  |d VT2  |d AU@  |d OCLCQ  |d NLE  |d WYU  |d STF  |d LEAUB  |d DKC  |d OCLCQ  |d M8D  |d OL$  |d OCLCQ  |d AJS  |d UKAHL  |d OCLCO  |d OCLCQ  |d OCLCO  |d OCLCQ  |d SXB  |d OCLCQ  |d OCLCO  |d VLB  |d OCLCL 
019 |a 476298522  |a 527387534  |a 541901647  |a 646827385  |a 712985845  |a 858440855  |a 860586678  |a 1055366810  |a 1057993236  |a 1065699896  |a 1081257022  |a 1102532812  |a 1228579462  |a 1264868935 
020 |a 9781856175487 
020 |a 1856175480 
020 |a 9780080949802  |q (electronic bk.) 
020 |a 0080949800  |q (electronic bk.) 
024 8 |a 9786612289057 
035 |a (OCoLC)610001446  |z (OCoLC)476298522  |z (OCoLC)527387534  |z (OCoLC)541901647  |z (OCoLC)646827385  |z (OCoLC)712985845  |z (OCoLC)858440855  |z (OCoLC)860586678  |z (OCoLC)1055366810  |z (OCoLC)1057993236  |z (OCoLC)1065699896  |z (OCoLC)1081257022  |z (OCoLC)1102532812  |z (OCoLC)1228579462  |z (OCoLC)1264868935 
037 |a 158652:158823  |b Elsevier Science & Technology  |n http://www.sciencedirect.com 
050 4 |a TH438  |b .L48 2010 
072 7 |a TEC  |x 005000  |2 bisacsh 
082 0 4 |a 690  |2 22 
049 |a TXAM 
100 1 |a Levy, Sidney M.  |1 https://id.oclc.org/worldcat/entity/E39PCjGB8kX4mghcjWwRG6xp4C 
245 1 0 |a Construction process planning and management :  |b an owner's guide to successful projects /  |c Sidney M. Levy. 
260 |a Amsterdam ;  |a Boston :  |b Butterworth-Heinemann,  |c ©2010. 
300 |a 1 online resource (x, 381 pages) :  |b illustrations 
336 |a text  |b txt  |2 rdacontent 
337 |a computer  |b c  |2 rdamedia 
338 |a online resource  |b cr  |2 rdacarrier 
520 |a By their very nature, construction projects can create seemingly endless opportunities for conflict. Written by a best selling author with over 40 years of experiences in the construction and general contracting business, Construction Process Planning and Management provides you with the necessary tools to save time and money on your construction project. In this book, Sid Levy provides valuable advice for avoiding or working through the common problems that are a result of the long-term nature of construction projects, failure to select a?project delivery system? appropriate to the project, incomplete drawing and specifications, unrealistic scheduling, poor communication and coordination among participants, and inadequate contract administration. From project genesis, through design development to contractor and contract selection, on to construction oversight, punch list and successful project close-out, this book will point out those pitfalls to avoid and offer practical advice at every step along the way. Administer the general construction process including solicitation of contractor's qualifications (pre-qualify bidders), comparative analysis of bid packages, recommendation for contract award, contract document negotiation and documentation of job change orders. Provide Project Planning and on-site management and coordination of all construction projects. Ensure compliance of building construction rules and regulations and collaborate with chief engineers to monitor quality of construction. Conduct technical/plan review of construction documents and submit written responses identifying required corrections or changes. Design, implement and oversee Company standards for construction policies, practices and processes. 
505 0 |a Chapter 1- An Introduction to the Design and Construction industry -- The construction. architectural and engineering business -- Hiring an architect and defining the Owner's Program -- General Contracting- full service, broker- how they operate -- Subcontracting -- 2nd, 3rd tier subs. -- Chapter 2- Project Genesis -- The Fast Track process- pluses and minuses -- To CM or not to CM? -- Considering Design-Build at this early stage -- Chapter 3?Selecting and Working with Architects -- The Right Questions to Ask -- Checking up via References -- The process of extracting the owner's program -- The full field of services architects can supply -- -- Chapter 4- Construction Contracts-Types, Pros and Cons of Each -- Getting Started with a Letter of Intent -- Cost Plus -- Cost Plus a Fee with a Guaranteed Maximum Price (GMP) -- Lump or Stipulated sum -- Construction Manager (CM) -- Design-Build -- The Value of Alternates and Allowances -- Chapter 5- Preparing Meaningful Bid Documents -- The Request for Qualifications (RFQ) -- The Request for Proposal (RFP) -- Sample forms -- The Value of a Pre-Bid Conference -- Evaluating Bids -- Contractor Selection -- Chapter 6- Preparing the Construction Contract -- Some Helpful Tips -- Contract Language to Protect the Owner -- The Value of Exhibits to the Contract -- When Tenant Work is Involved in a Commercial Lease -- The Need for a Contingency -- The role of Bonds and Insurance -- Chapter 7- Organizing for Construction -- The role of the Architect During Construction -- The role of the Owner's Representative -- Establishing Effective communications between all parties -- Dealing With Difficult Issues That Can Cause Disputes & Claims -- Chapter 8- The Construction Schedule -- The CMP Schedule- the Bar Chart Schedule -- The Importance of the Base Line Schedule -- The Double Edged Sword -- -- Chapter 9- The Change Order Process -- How to Eliminate Many problems Up Front -- Effective Monitoring of Contractor's cost proposals -- The Owner's rights and obligations -- Chapter 10-Participating in the Construction Process -- The Weekly Progress Meetings -- Project Documentation to Protect One's Position -- Lien Waivers- What They Do and what They don't Do -- The Art of Compromise -- Chapter 11- Successfully Closing out the Project -- Successful Close-Out Starts at the Project's Beginning -- Punch List Tips -- Warranties/Guarantees- Read the Fine Print -- Before Issuing that Final Payment -- -- Appendix? Samples of Design and Construction Contracts -- American Institute of Architects (AIA). 
505 0 |a ch. 1. The genesis of a construction project -- ch. 2. Selecting and working with architects -- ch. 3. The architectural, engineering, and contracting industries -- ch. 4. Construction contracts pros and cons -- ch. 5. Preparing the bib documents -- ch. 6. The construction contract -- ch. 7. Organizing for the construction process -- ch. 8. Change orders -- ch. 9. Green and sustainable buildings -- ch. 10. Disputes and claims -- ch. 11. Basic construction components. 
588 0 |a Print version record. 
650 0 |a Building  |x Planning. 
650 0 |a Building  |x Superintendence. 
650 6 |a Construction  |x Planification. 
650 6 |a Construction  |x Direction des travaux. 
650 7 |a TECHNOLOGY & ENGINEERING  |x Construction  |x General.  |2 bisacsh 
650 7 |a Building  |x Planning  |2 fast 
650 7 |a Building  |x Superintendence  |2 fast 
655 7 |a Electronic books.  |2 local 
710 2 |a ScienceDirect (Online service) 
776 0 8 |i Print version:  |a Levy, Sidney M.  |t Construction process planning and management.  |d Amsterdam ; Boston : Butterworth-Heinemann, ©2010  |z 9781856175487  |z 1856175480  |w (OCoLC)229031553 
856 4 0 |u http://proxy.library.tamu.edu/login?url=https://www.sciencedirect.com/science/book/9781856175487  |z Connect to the full text of this electronic book  |t 0 
955 |a Elsevier ScienceDirect 2026-2027 
994 |a 92  |b TXA 
999 f f |i 2c9e64a5-37e9-4465-bb6e-81504db744ce  |s 6e185661-d67b-4e9c-9ae7-a05eed2d50eb  |t 0 
952 f f |a Texas A&M University  |b College Station  |c Electronic Resources  |s www_evans  |d Available Online  |t 0  |e TH438 .L48 2010  |h Library of Congress classification 
998 f f |a TH438 .L48 2010  |t 0  |l Available Online